El fenestrón / (Record no. 100152)
[ view plain ]
| 000 -LEADER | |
|---|---|
| campo de control de longitud fija | 00588nam a2200181 i 4500 |
| 001 - NÚMERO DE CONTROL | |
| campo de control | 100152 |
| 003 - IDENTIFICADOR DE NÚMERO DE CONTROL | |
| campo de control | ES-MaACL |
| 005 - FECHA Y HORA DE LA ÚLTIMA TRANSACCIÓN | |
| campo de control | 20230906182621.0 |
| 007 - CAMPO FIJO DE DESCRIPCIÓN FÍSICA--INFORMACIÓN GENERAL | |
| campo de control de longitud fija | t| |
| 008 - DATOS DE LONGITUD FIJA--INFORMACIÓN GENERAL | |
| campo de control de longitud fija | 050922s1977 zzz ||||1| spa d |
| 100 1# - ENTRADA PRINCIPAL--NOMBRE DE PERSONA | |
| Nombre de persona | Martínez-Val, Rodrigo. |
| 9 (RLIN) | 78457 |
| 245 13 - MENCIÓN DEL TÍTULO | |
| Título | El fenestrón / |
| Mención de responsabilidad, etc. | por Rodrigo Martínez-Val Peñalosa. |
| 260 ## - PUBLICACIÓN, DISTRIBUCIÓN, ETC. | |
| Lugar de publicación, distribución, etc. | [S.l. : |
| Nombre del editor, distribuidor, etc. | s.n.], |
| Fecha de publicación, distribución, etc. | 1977. |
| 300 ## - DESCRIPCIÓN FÍSICA | |
| Extensión | P.13-17 ; |
| Dimensiones | 32 cm. |
| 500 ## - NOTA GENERAL | |
| Nota general | Es fotocopia de la revista Ingeniería Aeronáutica y Astronáutica, nº 168. Abril 1977, p. 13-17. |
| 650 04 - PUNTO DE ACCESO ADICIONAL DE MATERIA--TÉRMINO DE MATERIA | |
| Término de materia o nombre geográfico como elemento de entrada | Helicópteros. |
| 9 (RLIN) | 13299 |
| 852 ## - LOCALIZACIÓN | |
| Ubicación | ES-MaACL |
| Número de control de estantería | 2106-F-15 |
| Sublocalización o colección | R.96752 |
| Estatus retirado | Estado de pérdida | Estado de daño | No para préstamo | Colección | Biblioteca de origen | Biblioteca actual | Ubicación en estantería | Fecha de adquisición | Fuente de adquisición | Total de préstamos | Signatura topográfica completa | Código de barras | Visto por última vez | Precio de reemplazo | Tipo de ítem Koha |
|---|---|---|---|---|---|---|---|---|---|---|---|---|---|---|---|
| Colección de folletos | Biblioteca del Ateneo de Madrid | Biblioteca del Ateneo de Madrid | Depósito folletos | 17/01/2008 | 2106-F-15 | 1104579 | 23/02/2023 | 23/02/2023 | Folleto |
